| 000 -ლიდერი |
| ფიქსირებული სიგრძის საკონტროლო ველი |
01115nam a2200241Ia 4500 |
| 001 - საკონტროლო ნომერი |
| საკონტროლო ველი |
21198 |
| 003 - საკონტროლო ნომრის იდენტიფიკატორი |
| საკონტროლო ველი |
GE_BSU |
| 005 - ბოლო ოპერაციის თარიღი და დრო |
| საკონტროლო ველი |
20201019140752.0 |
| 008 - ფიქსირებული სიგრძის მონაცემთა ელემენტები - ზოგადი ინფორმაცია |
| ფიქსირებული სიგრძის საკონტროლო ველი |
181216s2015||||ge |||||||||||||| ||geo|| |
| 020 ## - წიგნის საერთაშორისო სტანდარტული ნომერი |
| International Standard Book Number |
9789941251085 |
| 040 ## - კატალოგიზაციის წყარო |
| Transcribing agency |
GE_BSU |
| 041 ## - ენის კოდი |
| Language code of text/sound track or separate title |
geo |
| 080 ## - უნივერსალური ათობითი კლასიფიკაციის ინდექსი |
| Universal Decimal Classification number |
340.1(075.8) ხ-89 |
| 100 ## - მთავარი ჩანაწერი - პიროვნების სახელი |
| Personal name |
ხუბუა, გიორგი |
| 9 (RLIN) |
9620 |
| 245 ## - ცნობა სათაურის შესახებ |
| Title |
სამართლის თეორია |
| Remainder of title |
[სახელმძღვანელო იურიდიული ფაკულტეტის სტუდენტებისათვის] / |
| Statement of responsibility, etc |
გიორგი ხუბუა. |
| 250 ## - გამოცემის ცნობა |
| Edition statement |
მეორე შევსებული და გადამუშავებული გამოცემა. |
| 264 ## - წარმოების, გამოცემის, დისტრიბუციის და სხვა ცნობები |
| გამოცემის, წარმოების, დისტრიბუციის... ადგილი |
თბილისი : |
| გამოცემის, წარმოების, დისტრიბუციის... სახელწოდება |
მერიდიანი, |
| გამოცემის, წარმოების, დისტრიბუციის... თარიღი |
2015. |
| 300 ## - ფიზიკური აღწერა |
| Extent |
277 გვ.; |
| Other physical details |
20 სმ. |
| 501 ## - შენიშვნა თანმხლებ მასალაზე |
| With note |
ბიბლიოგრაფია ტექსტის შენიშვნებში და გვ. 275-276. |
| 653 ## - INDEX TERM--UNCONTROLLED |
| Uncontrolled term |
სამართალი |
| 653 ## - INDEX TERM--UNCONTROLLED |
| Uncontrolled term |
სამართლის თეორია |
| 942 ## - ADDED ENTRY ELEMENTS (KOHA) |
| Koha item type |
წიგნი |
| Source of classification or shelving scheme |
|